Vývoj a komparácia vybraných investičných nástrojov bakalárska práca

Salvato in:
Dettagli Bibliografici
Autore principale: Valenčík, Lukáš
Ente Autore: Podnikovohospodárska fakulta EU so sídlom v Košiciach. Katedra obchodného podnikania
Altri autori: Vavlič, Lukáš, 1992-
Natura: Libro
Lingua:slovacco
Pubblicazione: Košice 2025
Tags: Aggiungi Tag
Nessun Tag, puoi essere il primo ad aggiungerne!!

MARC

LEADER 00000nbm a2200000 4500
001 0310927
005 20260203130432.4
041 0 |a slo 
044 |a SK 
245 1 0 |a Vývoj a komparácia vybraných investičných nástrojov  |b bakalárska práca  |c Lukáš Valenčík ; školiteľ: Lukáš Vavlič 
264 1 |a Košice  |c 2025 
300 |a 60 s. 
100 1 |a Valenčík, Lukáš 
700 1 |a Vavlič, Lukáš, 1992- 
710 2 |a Podnikovohospodárska fakulta EU so sídlom v Košiciach. Katedra obchodného podnikania